| 000 | 01244nam0a22002651 4500 | ||
|---|---|---|---|
| 001 | rc\378807 | ||
| 005 | 20030307124020.7 | ||
| 035 | _a(NLR Aleph) 005610498 | ||
| 090 |
_a6408195 _c6408195 |
||
| 100 | _a20030307d1989 u |0rusy50 ca | ||
| 101 | 0 | _arus | |
| 102 | _aRU | ||
| 105 | _ay ||||||||| | ||
| 200 | 1 |
_aОСНОВНЫЕ направления снижения металлоемкости промышленной продукции _f[Мосейчук В.Т. и др.] |
|
| 210 |
_aКиев _cУкрниинти _d1989 |
||
| 215 |
_a37 с. _d20 |
||
| 225 | 1 |
_aПромышленность _iСерия "Ресурсосбережение. Комплексное использование первичных и вторичных ресурсов, утилизация промышленных отходов" _eОбзор. информ. _fУкр. НИИ НТИ и техн.-экон. исслед. _vВып. 4 |
|
| 300 | _aВ надзаг. также: Гос. план. ком. УССР | ||
| 320 | _aБиблиогр.: с. 35-36 | ||
| 702 | 1 |
_aМосейчук _bВ. Т. _gВладимир Терентьевич _4220 |
|
| 801 | 0 |
_aRU _bNLR _gpsbo |
|
| 801 | 1 |
_aRU _bELAR _2rusmarc |
|
| 852 |
_aNLR _jП10/6603 |
||
| 942 | _cBOOK | ||
| 980 | _aNB | ||